| 000 | 00472nab a2200145Ia 4500 | ||
|---|---|---|---|
| 003 | ES-SlBCS | ||
| 005 | 20210601130756.0 | ||
| 008 | 140529s1981 xxu||||| |||| 00| 0 fre d | ||
| 041 | _afre | ||
| 100 | 1 |
_aLuban Plozza, Boris _9177104 |
|
| 245 | 0 | 0 |
_aÉthique et Psychotérapie: quelques considérations d'un médicin _c Boris Luban Plozza |
| 650 | 0 | 4 |
_aÉtica-Psicoterapia _9177117 |
| 773 | 0 |
_tPresença Filosofica _gvol. 7, nº. 1, 1981, págs. 55-61 _wRev966 |
|
| 942 | _cAR | ||
| 999 |
_c552167 _d552167 |
||